Normal view MARC view

Entry AUTORIDADES PERSONAS

Number of records used in: 3

001 - NÚMERO DE CONTROL

  • campo de control: 478

003 - CONTROL

  • campo de control: AR-BaSMT

005 - FECHA Y HORA DE LA ÚLTIMA TRANSACCIÓN

  • campo de control: 20260430163023.0

008 - ELEMENTOS LONGITUD FÍSICA

  • campo de control de longitud fija: 260430|| aca||aabn | a|a d

024 7# - OTROS INDICADORES NORMALIZADOS

  • Fuente: VIAF
  • Número estándar o código: http://viaf.org/viaf/102244379

040 ## - FUENTE DE CATALOGACIÓN

  • Agencia que cataloga: AR-BaSMT
  • Idioma de catalogación: spa
  • Norma: RDA

100 1# - ENCABEZAMIENTO-NOMBRE DE PERSONA

  • Nombre de persona: Semple, David
  • Numeración: 1971-
  • Títulos y otros términos asociados al nombre: Autor Personal

400 0# - TRAZADO DE VÉASE--NOMBRE DE PERSONA

  • Nombre de persona: David Semple
  • Fecha asociada al nombre : 1971

Powered by Koha